Máscara de Orfeo (Poesía brasileña y dominicana) (Record no. 7911)

MARC details
000 -LEADER
campo de control de longitud fija 00386nam a2200145Ia 4500
001 - NÚMERO DE CONTROL
campo de control 1321
008 - DATOS DE LONGITUD FIJA--INFORMACIÓN GENERAL
campo de control de longitud fija 241024s9999 xx 000 0 und d
020 ## - NÚMERO INTERNACIONAL ESTÁNDAR DEL LIBRO
Número Internacional Estándar del Libro 978-9945-427-56-1
082 ## - NÚMERO DE LA CLASIFICACIÓN DECIMAL DEWEY
Número de clasificación RD/861.008/M379m
100 ## - ENTRADA PRINCIPAL--NOMBRE DE PERSONA
Nombre de persona Floriano Martins
245 #0 - MENCIÓN DEL TÍTULO
Título Máscara de Orfeo (Poesía brasileña y dominicana)
260 ## - PUBLICACIÓN, DISTRIBUCIÓN, ETC.
Nombre del editor, distribuidor, etc. Ed. Megabyte
Fecha de publicación, distribución, etc. 2009
901 ## - ELEMENTOS DE DATOS A LOCAL LDA (RLIN)
a 21/3/2011 10:13:37 a.m.

No items available.

© 2024. Todos los Derechos Reservados. Desarrollado por IDEICE